[Event "NED-ch U13 Girls"]
[Site "Rijswijk"]
[Date "2005.05.07"]
[Round "7"]
[White "Braem, Carlijn"]
[Black "Schuttel, Kirsten"]
[Result "0-1"]
[WhiteElo "925"]
[BlackElo "1280"]
[PlyCount "62"]
[EventDate "2005.05.05"]
[EventType "swiss"]
[EventRounds "9"]
[EventCountry "NED"]
[SourceTitle "EXT 2013"]
[Source "ChessBase"]
[SourceDate "2012.11.22"]
[SourceVersion "1"]
[SourceVersionDate "2012.11.22"]
[SourceQuality "1"]

1. e4 e5 2. Nf3 Nc6 3. Nc3 Nf6 4. Bb5 d6 5. d3 Bd7 6. Bg5 h6 7. Bh4 a6 8. Ba4 Be7 9. 0-0 0-0 10. Nd5 Nd4 11. Bxd7 Nxd5 12. Bxe7 Nxf3+ 13. Qxf3 Qxe7 14. Bf5 Nf4 15. g3 Ng6 16. Qh5 Qf6 17. Kh1 Ne7 18. Bh3 Nc6 19. Rg1 Nd4 20. c3 Qf3+ 21. Qxf3 Nxf3 22. Rg2 Rad8 23. Bg4 Ng5 24. f4 exf4 25. gxf4 Ne6 26. Rf2 d5 27. f5 Nc5 28. Be2 dxe4 29. dxe4 Nxe4 30. Bg4 Nxf2+ 31. Kg2 Nxg4 0-1